000 00509 a2200181 4500
005 20250913122700.0
020 _a9780435459475
050 _aG 155.A
_bTRA 2005
245 _aTravel and Tourism /
_cKing,Christine
264 _aOxford:
_bHeinemann,
_cc.2005
300 _a298 pages
_billustrations
336 _2rdacontent
_atext
_btxt
337 _2rdamedia
_aunmediated
_bn
338 _2rdacarrier
_avolume
_bnc
500 _aincludes index
650 _aTravel and tourism
942 _2lcc
_cBK
_h155.A1
_iTRA
_kG
999 _c11647
_d11647